Comuni della Provincia di Perugia - Statistics

Statistiche generali
  • Questo quiz è stato fatto 27 volte
  • Il punteggio medio è 29 su 59
Statistiche sulle risposte
Comune % Corretto
Assisi
95%
Gubbio
86%
Perugia
86%
Spoleto
86%
Spello
81%
Foligno
76%
Todi
76%
Città di Castello
67%
Norcia
67%
Bastia Umbra
62%
Nocera Umbra
62%
Bevagna
57%
Castiglione del Lago
57%
Città della Pieve
57%
Deruta
57%
Gualdo Tadino
57%
Trevi
57%
Umbertide
57%
Cascia
52%
Magione
52%
Valfabbrica
52%
Bettona
48%
Corciano
48%
Marsciano
48%
Montefalco
48%
San Giustino
48%
Torgiano
48%
Giano dell'Umbria
43%
Gualdo Cattaneo
43%
Monteleone di Spoleto
43%
Panicale
43%
Passignano sul Trasimeno
43%
Pietralunga
43%
Sigillo
43%
Cannara
38%
Citerna
38%
Fratta Todina
38%
Lisciano Niccone
38%
Massa Martana
38%
Montone
38%
Paciano
38%
Preci
38%
Sant'Anatolia di Narco
38%
Sellano
38%
Tuoro sul Trasimeno
38%
Valtopina
38%
Campello sul Clitunno
33%
Castel Ritaldi
33%
Cerreto di Spoleto
33%
Costacciaro
33%
Monte Castello di Vibio
33%
Piegaro
33%
Poggiodomo
33%
Scheggino
33%
Vallo di Nera
33%
Collazzone
29%
Fossato di Vico
29%
Monte Santa Maria Tiberina
29%
Scheggia e Pascelupo
29%
Nessun quiz corrispondente trovato
Distribuzione punteggi
Percentuale di utenti per punteggio
Percentile per numero di risposta
I tuoi punteggi nel tempo
Non hai fatto questo quiz